8turn discography - Statistics

General Stats
  • This quiz has been taken 10 times
  • The average score is 15 of 18
Answer Stats
Answer % Correct
RU-PUM PUM
100%
RU-PUM PUM - Japanese ver.
100%
TIC TAC
100%
EXCEL
88%
GLOW
88%
Say My Name
88%
SKETCH
88%
WE
88%
WONDER
88%
Heartache
75%
ING
75%
NOM
75%
THE GAME
75%
WALK IT OUT
75%
Watch
75%
Watch - Instrumental
75%
WE HERE
75%
WORLD
75%
No matching quizzes found
Score Distribution
Percent of People with Each Score
Percentile by Number Answered
Your Score History
You have not taken this quiz